| 000 | 00421nam a2200133Ia 4500 | ||
|---|---|---|---|
| 008 | 170516s9999 xx 000 0 und d | ||
| 245 | _aMono-arginine Cholesterol-based Small Lipid Nanoparticles as a Systemic siRNA Delivery Platform for Effective Cancer Therapy | ||
| 260 | _bTheranostics | ||
| 260 | _c2016 | ||
| 300 | _a6:2 | ||
| 650 | _xMedical Technology | ||
| 650 | _xMedtech | ||
| 856 | _uhttp://www.thno.org/v6i2 | ||
| 999 |
_c330508 _d330508 |
||